000 00605nam a2200229Ia 4500
003 OSt
005 20221007072155.0
006 a|||||r|||| 00| 0
007 ta
008 221006b |||||||| |||| 00| 0 eng d
024 _a14,196
037 _cTextual
040 _aFLL
_cFLL
_beng
041 _2eng
_aeng
082 _aW6, M0
100 _aNelson William N. Au.
_9690190
245 0 _aOn justifying democracy
260 _aLondon
_bRoutledge & Kegan Paul London
_c1980
300 _aix,176p
_ccm.
942 _hW6, M0
_cTEXL
_2CC
999 _c1145371
_d1145371